000 00387nam a2200169Ia 4500
008 210210b1967 xxu||||| |||| 00| 0 eng d
041 _aeng
082 _a560/22
100 _aASIMOV (I)
245 _aInside the atom
260 _aNew York
_bDell publishing Co., Inc.,
_c1967
650 _athe
650 _aInside
650 _aatom
690 _aPure Sciences
906 _a010187
999 _c137955
_d137955